แสดงรายละเอียดบรรณานุกรม
  กลับหน้าหลัก

Brief Record : Get Marc (ISO 2709) : E-mail record : QR code ปิดหน้าต่าง
E-books : เกี่ยวกับ Collections
LEADER 00000nam 2200000uu 4500
001    213778
003     ULIBM
008    230827s||||||||th 000 0 tha d
020    ^a9786163146144
041    ^atha
060  4 ^aWT150 ร625ก 2563
100    ^aรังสิมันต์ สุนทรไชยา
245    ^aการบำบัดจิตสังคมสำหรับผู้สูงอายุ/รังสิมันต์ สุนทรไชยา
250    ^aพิมพ์ครั้งที่ 2.
260    ^aปทุมธานี :^bสำนักพิมพ์มหาวิทยาลัยธรรมศาสตร์,^c2563.
300    ^a212 หน้า:^bภาพประกอบ;^c26 ซม.
650  4 ^aผู้สูงอายุ^xการบำบัดทางจิต
710 2  ^aมหาวิทยาลัยธรรมศาสตร์.^bคณะพยาบาลศาสตร์
999    ^aใช้งานได้ทุกระบบ
รายการนี้ยังไม่มีแท็ก
คุณยังไม่ได้ล็อกอิน คุณสามารถมีกิจกรรมร่วมกับเว็บไซต์ได้ แต่ต้องล็อกอินก่อน ::
  ล็อกอิน
ลำดับที่ ประเภท เลขเรียก สถานที่ สถานะ
1. การพยาบาล (ตำราหลัก)
การพยาบาล (ตำราหลัก)
WT150 ร625ก 2563 ฉ.1 
  
การพยาบาลผู้สูงอายุ On Shelf
  ขอยืม
Note:จัดซื้อปีงบประมาณ 2565
2. การพยาบาล (ตำราหลัก)
การพยาบาล (ตำราหลัก)
WT150 ร625ก 2563 ฉ.2 
  
การพยาบาลผู้สูงอายุ On Shelf
  ขอยืม
Note:จัดซื้อปีงบประมาณ 2565
3. การพยาบาล (ตำราหลัก)
การพยาบาล (ตำราหลัก)
WT150 ร625ก 2563 ฉ.3 
  
การพยาบาลผู้สูงอายุ On Shelf
  ขอยืม
Note:จัดซื้อปีงบประมาณ 2565
   [แสดง 3/3 รายการ]

BibComment


ยังไม่เคยถูกคอมเมนท์

คอมเมนท์ทรัพยากรรายการนี้
  คอมเมนท์: การบำบัดจิตสังคม..
Bib 213778

 
 
 

 Union Library Management : ULibM
Copyright 2026. All Rights Reserved.
скачать бесплатно без регистрации порно красивый секс HD Sex Hindi sex

xxx gou

xxxx

bfxxx

xxxwww

Секса Видео

xxxx

Секса Видео

detube

geilexxx

C99 Shell

worms shell

blod xxx video
Ebony Coed Rihanna Rimes Takes A Dick In Her Young Twat priyaa indian fuck anal and pusssy hardcore indian women xxx desi hardcore fucking part 1 bengalixxxcouple